000
00474nam a2200169Ia 4500
008
110201s9999 xx 000 0 und d
082
_b
B4064
_a
K 1706
100
_a
काळे वैजयंती
245
_a
भुरळ
260
_b
दिलीप प्रकाशन
365
_b
70
600
_a
काळे वैजयंती
630
_a
भुरळ
700
_a
काळे वैजयंती
730
_a
भुरळ
942
_c
BOOK
999
_c
830564
_d
830561